It begins with an A / (Record no. 8277)

MARC details
000 -LEADER
fixed length control field 01006nam a22003017a 4500
001 - CONTROL NUMBER
control field 8277
003 - CONTROL NUMBER IDENTIFIER
control field FISKH
005 - DATE AND TIME OF LATEST TRANSACTION
control field 20250908103611.0
008 - FIXED-LENGTH DATA ELEMENTS--GENERAL INFORMATION
fixed length control field 250908b cb ||||| |||| 00| 0 eng d
020 ## - INTERNATIONAL STANDARD BOOK NUMBER
International Standard Book Number 0590481738
040 ## - CATALOGING SOURCE
Original cataloging agency FISKH
Language of cataloging eng
Transcribing agency FISKH
Modifying agency FISKH
050 ## - LIBRARY OF CONGRESS CALL NUMBER
Classification number PN6371 .C324
082 ## - DEWEY DECIMAL CLASSIFICATION NUMBER
Classification number 818.5402
100 ## - MAIN ENTRY--PERSONAL NAME
Personal name Calmenson, Stephanie
245 ## - TITLE STATEMENT
Title It begins with an A /
Statement of responsibility, etc. By Stephanie Calmenson : Illustrated by Marisabina Russo
250 ## - EDITION STATEMENT
Edition statement First Scholastic printing , January 1994
260 ## - PUBLICATION, DISTRIBUTION, ETC.
Place of publication, distribution, etc. New York :
Name of publisher, distributor, etc. Scholastic ,
Date of publication, distribution, etc. 1993 .
300 ## - PHYSICAL DESCRIPTION
Extent 32 unnumbered pages :
Other physical details color illustrations ;
Dimensions 20 x 25 cm .
505 ## - FORMATTED CONTENTS NOTE
Formatted contents note H <br/>
520 ## - SUMMARY, ETC.
Summary, etc. Rhyming riddles challenge the reader to guess objects beginning with letters A to Z.<br/>
521 8# - TARGET AUDIENCE NOTE
Target audience note 410 <br/>
Source Lexile <br/>
521 8# - TARGET AUDIENCE NOTE
Target audience note H <br/>
Source Raz-Plus <br/>
650 ## - SUBJECT ADDED ENTRY--TOPICAL TERM
Topical term or geographic name entry element Phonemic awareness
Form subdivision Pictures Books
650 ## - SUBJECT ADDED ENTRY--TOPICAL TERM
Topical term or geographic name entry element Alphabet Recognition
Form subdivision Pictures Books
700 ## - ADDED ENTRY--PERSONAL NAME
Personal name Russo, Marisabina
Relator term Illustrator
942 ## - ADDED ENTRY ELEMENTS (KOHA)
Source of classification or shelving scheme Dewey Decimal Classification
Koha item type Books
Suppress in OPAC No
Holdings
Withdrawn status Lost status Source of classification or shelving scheme Damaged status Not for loan Collection Home library Current library Shelving location Date acquired Total Checkouts Full call number Barcode Date last seen Price effective from Koha item type
    Dewey Decimal Classification     Juvenile Fiction Footprints International School Library Network Toul Tom Poung Campus Footprints International School Library Network Toul Tom Poung Campus TTP Primary Dark Blue Bookshelves 09/08/2025   CAL 818.5402 PN6371 .C324 FISTK02511 09/08/2025 09/08/2025 Books